=LDR 00000nam 2200000 4500 =001 INLIS000000000003881 =005 20130612092201 =008 ***********************************Ind** =035 ##$$0010-061300000003881 =041 ##$$a Ind =082 ##$$a 515.353 =090 ##$$a 515.353, Sam m =100 ##$$a Samijono, Sri Kustantini =245 ##$$a Materi pokok persamaan diferensial parsial, 1-9 Matk 4532/3 SKS, Sri Kustantini Samijono =260 ##$$a 1990 $b Jakarta =300 ##$$a 236 hlm., ilus., 27 cm =650 ##$$a Analisa persamaan diferensial =850 ##$$a NBPNMAT